LEADER 01119nam 2200361 450 001 9910317638903321 005 20221016060229.0 010 $a953-51-6865-7 035 $a(CKB)4970000000097695 035 $a(NjHacI)994970000000097695 035 $a(EXLCZ)994970000000097695 100 $a20221016d2012 uy 0 101 0 $aeng 135 $aur||||||||||| 181 $ctxt$2rdacontent 182 $cc$2rdamedia 183 $acr$2rdacarrier 200 00$aErectile Dysfunction $eDisease-Associated Mechanisms and Novel Insights into Therapy /$fedited by Kenia Pedrosa Nunes 210 1$aRijeka, Croatia :$cIntechOpen,$d2012. 215 $a1 online resource (228 pages) $cillustrations some color 311 $a953-51-0199-4 320 $aIncludes bibliographical references. 517 $aErectile dysfunction 606 $aErectile Dysfunction 615 0$aErectile Dysfunction. 676 $a616.6921 702 $aNunes$b Kenia Pedrosa 801 0$bNjHacI 801 1$bNjHacl 906 $aBOOK 912 $a9910317638903321 996 $aErectile Dysfunction$92953373 997 $aUNINA LEADER 01123nam0 22002771i 450 001 UON00296845 005 20231205103946.139 100 $a20070606d1959 |0itac50 ba 101 $ager 102 $aDE 105 $a|||| 1|||| 200 1 $aˆDas ‰Hildebrandlied$fin der langobardischen Urfassung hergestellt von Willy Krogmann 210 $aBerlin$cSchmidt$dc1959 215 $a106 p., [3] c. di tav.$d21 cm. 410 1$1001UON00175371$12001 $aPhilologische Studien und Quellen$1210 $aBerlin$cSchmidt. 606 $aHILDEBRANDSLIED$3UONC064925$2FI 620 $aDE$dBerlin$3UONL003157 676 $a830.2$cLetteratura tedesca. Medioevo, 750-1350 (medio alto tedesco)$v21 700 1$aKROGMANN$bWilly$3UONV150677$0198294 712 $aSchmidt$3UONV266260$4650 801 $aIT$bSOL$c20240220$gRICA 899 $aSIBA - SISTEMA BIBLIOTECARIO DI ATENEO$2UONSI 912 $aUON00296845 950 $aSIBA - SISTEMA BIBLIOTECARIO DI ATENEO$dSI Fil.G VI 459 $eSI MR 69355 5 459 996 $aHildebrandlied$91250757 997 $aUNIOR